Central Library OPAC University of Rajshahi

Profitability accounting and bidding strategy for engineering and construction management / (Record no. 58815)

MARC details
000 -LEADER
fixed length control field 00806pam a2200253 a 4500
001 - CONTROL NUMBER
control field 58815
003 - CONTROL NUMBER IDENTIFIER
rucl marc code BD-RjUL
005 - DATE AND TIME OF LATEST TRANSACTION
control field 20211209080647.0
008 - FIXED-LENGTH DATA ELEMENTS--GENERAL INFORMATION
fixed length control field 821122s1983 nyua 001 0 eng
020 ## - INTERNATIONAL STANDARD BOOK NUMBER
International Standard Book Number 0442260059
035 ## - SYSTEM CONTROL NUMBER
System control number (BD-RjUL)58939
040 ## - CATALOGING SOURCE
Original cataloging agency DLC
Transcribing agency DLC
Modifying agency DLC
Language of cataloging eng
041 ## - LANGUAGE CODE
Language code of text/sound track or separate title eng
082 00 - DEWEY DECIMAL CLASSIFICATION NUMBER
Classification number 657.869
Edition number 23
Author mark and year LAP 1983
100 1# - MAIN ENTRY--PERSONAL NAME
Personal name Lang, Hans J.
9 (RLIN) 174858
245 10 - TITLE STATEMENT
Title Profitability accounting and bidding strategy for engineering and construction management /
Statement of responsibility, etc. Hans J. Lang, Michael DeCoursey.
260 ## - PUBLICATION, DISTRIBUTION, ETC. (IMPRINT)
Place of publication, distribution, etc. New York :
Name of publisher, distributor, etc. Van Nostrand Reinhold,
Date of publication, distribution, etc. c1983.
300 ## - PHYSICAL DESCRIPTION
Pagination xiv, 195 p. :
Illustrations ill. ;
Size 24 cm.
500 ## - GENERAL NOTE
General note Includes index.
650 #0 - SUBJECT ADDED ENTRY--TOPICAL TERM
Topical term or geographic name as entry element Construction industry
General subdivision Accounting.
9 (RLIN) 174859
700 1# - ADDED ENTRY--PERSONAL NAME
Personal name DeCoursey, Michael.
942 ## - ADDED ENTRY ELEMENTS (KOHA)
Source of classification or shelving scheme Dewey Decimal Classification
Koha item type Books
Holdings
Lost status Source of classification or shelving scheme Damaged status Not for loan Collection code Permanent Location Current Location Shelving location Date acquired Total Checkouts Full call number Date last seen Copy number Koha item type
  Dewey Decimal Classification   Not For Loan Non-fiction Central Library, University of Rajshahi Central Library, University of Rajshahi Reading Room 28/10/1989   657.869 LAP 1983 20/12/2016 C-1 Books